000 00295nam a2200121 i 4500
001 bg
245 0 _aLaboratornyj praktikum po fizike.
_nCz.2 /
_cpod red. N.A. Bazakucy.
260 _aCharkow,
_c1972.
040 _cBPK
041 _apol
942 _cKS
008 s pl f |000 0 pol
999 _c7576
_d7576
856 _uhttp://koha.tu.koszalin.pl/cgi-bin/koha/opac-detail.pl?biblionumber=7576
_yKatalog online BPK